000 00825nam a2200253Ia 4500
005 20260429112011.0
008 260429s9999||||xx |||||||||||||| ||und||
020 _a9781032581514
041 _aEnglish
082 _a378.198
_bHAL
100 _aHallett, Ronald E.
245 0 _aCreating a campus-wide culture of student success :
_ban evidence-based approach to supporting low-income, racially minoritized, and first-generation college students /
_cRonald E. Hallett
250 _a1st ed.
260 _aNew Delhi :
_bRoutledge,
_c2024.
300 _axvi, 225 p.; pbk
650 _a First-generation students
650 _a Higher education
650 _a Inclusion
650 _aStudent success
700 _a Kezar, Adrianna
700 _a Kitchen, Joseph A.
700 _a Perez, Rosemary J.
942 _cTB
999 _c51825
_d51825